[Event "Risaralda Province-ch"]
[Site "Pereira"]
[Date "2013.12.01"]
[Round "6"]
[White "Lotero, Camilo"]
[Black "Escobar Forero, Alder"]
[Result "0-1"]
[WhiteElo "2130"]
[BlackElo "2455"]
[PlyCount "91"]
[EventDate "2013.11.27"]
[EventType "swiss"]
[EventRounds "7"]
[EventCountry "COL"]
[SourceTitle "EXT 2018"]
[Source "ChessBase"]
[SourceDate "2017.10.13"]
[SourceVersion "1"]
[SourceVersionDate "2017.10.13"]
[SourceQuality "1"]

1. d4 c5 2. e3 Nf6 3. Nf3 g6 4. Bd3 Bg7 5. 0-0 0-0 6. b3 cxd4 7. exd4 Nc6 8. Bb2 d5 9. Nbd2 Nb4 10. Be2 Bf5 11. c3 Nd3 12. Ba3 Nf4 13. Re1 Rc8 14. Bf1 Re8 15. Bb5 Bd7 16. Bxd7 Nxd7 17. g3 Nh5 18. c4 dxc4 19. Nxc4 Ndf6 20. Rc1 Nd5 21. Qd2 Rc6 22. Na5 Rxc1 23. Rxc1 Qb6 24. Rc5 Nhf6 25. Nc4 Qe6 26. Qe1 Qxe1+ 27. Nxe1 Bf8 28. Ra5 a6 29. Nf3 Rd8 30. Bb2 Bh6 31. a3 Ne4 32. b4 b5 33. Nce5 Rc8 34. Rxa6 Rc2 35. Nd3 Nxf2 36. Nfe1 Nh3+ 37. Kh1 Re2 38. Ra8+ Kg7 39. Rc8 Nf2+ 40. Kg1 Nxd3 41. Nxd3 Rd2 42. Ne5 Be3+ 43. Kh1 Rxb2 44. Rc5 e6 45. Rxb5 Bxd4 46. g4 0-1

[Event "Bogota Students-ch 22th"]
[Site "Bogota"]
[Date "2013.11.05"]
[Round "5"]
[White "Lotero, Camilo"]
[Black "Rodriguez, German Enrique"]
[Result "0-1"]
[WhiteElo "2130"]
[BlackElo "1970"]
[PlyCount "50"]
[EventDate "2013.11.03"]
[EventType "swiss"]
[EventRounds "6"]
[EventCountry "COL"]
[SourceTitle "EXT 2014"]
[Source "ChessBase"]
[SourceDate "2013.11.20"]
[SourceVersion "1"]
[SourceVersionDate "2013.11.20"]
[SourceQuality "1"]

1. d4 Nf6 2. Nf3 g6 3. g3 Bg7 4. Bg2 d5 5. c4 c6 6. cxd5 cxd5 7. Nc3 0-0 8. Ne5 Nc6 9. 0-0 Bf5 10. e3 h5 11. h3 Ne4 12. Nxc6 bxc6 13. Nxe4 Bxe4 14. Bxe4 dxe4 15. Qc2 Qd5 16. b3 c5 17. Ba3 cxd4 18. exd4 Rfc8 19. Qd2 Bxd4 20. Rad1 e5 21. Qh6 Rc2 22. Rd2 Rxd2 23. Qxd2 Qe6 24. Kh2 Qa6 25. Qe1 Qxa3 0-1

[Event "Bogota Students-ch 22th"]
[Site "Bogota"]
[Date "2013.11.04"]
[Round "3"]
[White "Lotero, Camilo"]
[Black "Prado Segura, Robinson Alexander"]
[Result "1-0"]
[WhiteElo "2130"]
[BlackElo "1868"]
[PlyCount "55"]
[EventDate "2013.11.03"]
[EventType "swiss"]
[EventRounds "6"]
[EventCountry "COL"]
[SourceTitle "EXT 2014"]
[Source "ChessBase"]
[SourceDate "2013.11.20"]
[SourceVersion "1"]
[SourceVersionDate "2013.11.20"]
[SourceQuality "1"]

1. d4 Nf6 2. Nf3 d5 3. c4 c6 4. cxd5 cxd5 5. Nc3 Nc6 6. Bf4 e6 7. e3 Be7 8. h3 0-0 9. Bd3 b6 10. 0-0 Bb7 11. Rc1 a6 12. Qe2 b5 13. a4 b4 14. Nb1 Qb6 15. Nbd2 Rac8 16. g4 Rfd8 17. g5 Nd7 18. h4 f5 19. gxf6 Nxf6 20. Ng5 Na5 21. Ndf3 h6 22. Ne5 hxg5 23. hxg5 Nd7 24. Qh5 Rxc1 25. Rxc1 Nxe5 26. Bxe5 Rc8 27. Rxc8+ Bxc8 28. Bg6 1-0